| 000 | 00838cam a22002774a 4500 | ||
|---|---|---|---|
| 008 | |||
| 020 | _a0443100152 (pbk.) | ||
| 049 | _aMAIN | ||
| 090 |
_aQP514.2 _bBRO |
||
| 100 | 1 | _aBrownie, Alexander C. | |
| 245 | 1 | 0 |
_aMedical biochemistry : _ba core text with self-assessment / _cAlexander C. Brownie and John C. Kernohan. |
| 250 | _a2nd ed. | ||
| 260 |
_aEdinburg : _bChurchill Livingstone, _c2005. |
||
| 300 |
_a319 p. : _bill. ; _c27 cm. |
||
| 440 | _aMaster medicine series. | ||
| 500 | _aIncludes index. | ||
| 650 | 0 | _aBiochemistry. | |
| 650 | 0 | _aClinical biochemistry. | |
| 650 | 2 | 2 | _aChemistry, Clinical. |
| 700 | _aKernohan, John C. | ||
| 907 |
_a.b10261990 _b21-02-12 _c08-04-09 |
||
| 003 | |||
| 005 | 20240410143914.0 | ||
| 040 | _cNUST | ||
| 942 |
_cBOOKS _kQP514.2 _mBRO _01 |
||
| 999 |
_c115370 _d115370 |
||